Transport energy in Africa / (Record no. 528089)

000 -LEADER
fixed length control field 01214pam a2200337 a 4500
001 - CONTROL NUMBER
control field 3524779
003 - CONTROL NUMBER IDENTIFIER
control field NUST
005 - DATE AND TIME OF LATEST TRANSACTION
control field 20190828055630.0
008 - FIXED-LENGTH DATA ELEMENTS--GENERAL INFORMATION
fixed length control field 960502s1996 njuab b 001 0 eng
010 ## - LIBRARY OF CONGRESS CONTROL NUMBER
LC control number 96023126
020 ## - INTERNATIONAL STANDARD BOOK NUMBER
International Standard Book Number 1856494616 (hb.)
020 ## - INTERNATIONAL STANDARD BOOK NUMBER
International Standard Book Number 1856494624 (pbk.)
038 ## - RECORD CONTENT LICENSOR
Staff Name M.Ramzan
040 ## - CATALOGING SOURCE
Original cataloging agency DLC
Transcribing agency DLC
Modifying agency DLC
043 ## - GEOGRAPHIC AREA CODE
Geographic area code f------
050 00 - LIBRARY OF CONGRESS CALL NUMBER
Classification number HE282.A2
Item number B34 1996
082 00 - DEWEY DECIMAL CLASSIFICATION NUMBER
Classification number 333.79688096
Author Mark BAG
100 1# - MAIN ENTRY--PERSONAL NAME
Personal name Baguant, J.
9 (RLIN) 19638
245 10 - TITLE STATEMENT
Title Transport energy in Africa /
Statement of responsibility, etc. [J. Baguant, M. Teferra] ; edited and introduced by M.R. Bhagavan.
260 ## - PUBLICATION, DISTRIBUTION, ETC.
Place of publication, distribution, etc. London ;
-- Atlantic Highlands, NJ :
Name of publisher, distributor, etc. Zed Books,
Date of publication, distribution, etc. 1996.
300 ## - PHYSICAL DESCRIPTION
Extent x, 134 p. :
Other physical details ill., maps ;
Dimensions 23 cm.
504 ## - BIBLIOGRAPHY, ETC. NOTE
Bibliography, etc. note Includes bibliographical references and index.
650 #0 - SUBJECT ADDED ENTRY--TOPICAL TERM
Topical term or geographic name entry element Transportation
General subdivision Energy consumption
Geographic subdivision Africa.
9 (RLIN) 19639
650 #0 - SUBJECT ADDED ENTRY--TOPICAL TERM
Topical term or geographic name entry element Transportation
General subdivision Energy conservation
Geographic subdivision Africa.
9 (RLIN) 19640
700 1# - ADDED ENTRY--PERSONAL NAME
Personal name Teferra, M.
9 (RLIN) 19641
700 1# - ADDED ENTRY--PERSONAL NAME
Personal name Bhagavan, M. R.,
Dates associated with a name 1934-
9 (RLIN) 19642
710 1# - ADDED ENTRY--CORPORATE NAME
Corporate name or jurisdiction name as entry element African Energy Policy Research Network.
9 (RLIN) 19643
906 ## - LOCAL DATA ELEMENT F, LDF (RLIN)
a 7
b cbu
c orignew
d 1
e ocip
f 19
g y-gencatlg
942 ## - ADDED ENTRY ELEMENTS (KOHA)
Source of classification or shelving scheme
Koha item type Book
Holdings
Withdrawn status Lost status Source of classification or shelving scheme Damaged status Not for loan Permanent Location Current Location Date acquired Total Checkouts Full call number Barcode Date last seen Price effective from Koha item type
          School of Civil and Environmental Engineering (SCEE) School of Civil and Environmental Engineering (SCEE) 08/28/2019   333.79688096 BAG NIT-10216 08/28/2019 08/28/2019 Book
© 2023 Central Library, National University of Sciences and Technology. All Rights Reserved.